Научно-технические библиотеки и ГСНТИ - новые подходы к организациии деятельности; Научные и технические библиотеки; № 5

Dades bibliogràfiques
Parent link:Научные и технические библиотеки: ежемесячный сборник по вопросам теории и практики библиотечного дела/ Государственная публичная научно-техническая библиотека России.— , 1994-.— 0130-9765
№ 5.— 2006.— С. 5-26
Autor principal: Евстигнеева Г. А. Галина Александровна
Altres autors: Земсков А. И. Андрей Ильич
Idioma:rus
Publicat: 2006
Matèries:
Format: MixedMaterials Capítol de llibre
KOHA link:https://koha.lib.tpu.ru/cgi-bin/koha/opac-detail.pl?biblionumber=401011

MARC

LEADER 00000naa2a2200000 4500
001 401011
005 20231101065459.0
035 |a (RuTPU)RU\TPU\prd\43926 
090 |a 401011 
100 |a 20060605a2006 k y0rusy50 ca 
101 0 |a rus 
102 |a RU 
200 1 |a Научно-технические библиотеки и ГСНТИ - новые подходы к организациии деятельности  |f Г. А. Евстигнеева, А. И. Земсков 
320 |a Библиогр.: 20 назв. 
461 0 |0 (RuTPU)RU\TPU\prd\1594  |x 0130-9765  |t Научные и технические библиотеки  |o ежемесячный сборник по вопросам теории и практики библиотечного дела  |f Государственная публичная научно-техническая библиотека России  |d 1994- 
463 0 |0 (RuTPU)RU\TPU\prd\43915  |t № 5  |v С. 5-26  |d 2006 
610 1 |a научно-технические библиотеки 
610 1 |a ГСНТИ 
610 1 |a организация деятельности 
610 1 |a деятельность 
610 1 |a новые подходы 
610 1 |a информационное обеспечение 
610 1 |a информационное обслуживание 
700 1 |a Евстигнеева  |b Г. А.  |g Галина Александровна 
701 1 |a Земсков  |b А. И.  |g Андрей Ильич 
801 1 |a RU  |b 63413507  |c 20060605  |g PSBO 
942 |c BK